| 000 | 00766nam a2200265 a 4500 | ||
|---|---|---|---|
| 999 |
_c10805 _d10805 |
||
| 001 | 10805 | ||
| 003 | BD-JhCC | ||
| 005 | 20190407125314.0 | ||
| 008 | 190407r19871994enk 000 0 eng d | ||
| 020 | _a0582005531 | ||
| 035 | _aCURL 018805029297(Cam) from mvsc015 | ||
| 040 |
_aBD-JhCC _dBD-JhCC |
||
| 041 | _aeng | ||
| 082 |
_a668.55 _bHAR 1994 |
||
| 100 | 1 |
_aHarry, Ralph Gordon, _d1908- |
|
| 245 | 1 | 0 |
_aHarry's Cosmeticology / _cRalph Gordon Harry and Ed. by J. B. Wilkinson, R. J. Moore |
| 250 | _a7th ed / | ||
| 260 |
_aHarlow : _bLongman, _c1994 |
||
| 300 |
_a[ca 934] p ; _c25 cm |
||
| 650 | 0 | _aCosmetics | |
| 650 | 0 | _aToilet preparations | |
| 700 | 1 |
_aMoore, R. J. _q(Raymond Jack) |
|
| 700 | 1 |
_aWilkinson, J. B. _q(John Bernard) |
|
| 942 |
_2ddc _cBK |
||